| 000 | 01496nam0a2200325 4500 | ||
|---|---|---|---|
| 001 | RU\NLR\bibl\1125681 | ||
| 005 | 20260405141353.0 | ||
| 010 |
_a978-5-903354-95-5 _91000 |
||
| 021 |
_aRU _b2007-92780 _95014 |
||
| 035 | _a(NLR Aleph) 001112624 | ||
| 090 |
_a1247776 _c1247776 |
||
| 100 | _a20070907d2007 |||y0rusy50 ca | ||
| 101 | 0 | _arus | |
| 102 | _aRU | ||
| 105 | _aa ||||||||| | ||
| 200 | 1 |
_aПочувствовать себя русским _fВ.В. Богданов, С.В. Ларионов |
|
| 210 |
_aСанкт-Петербург _cАлетейя _cИсторическая книга _d2007 |
||
| 215 |
_a396,[1] с. _d21 |
||
| 225 | 1 |
_aЛевиафан _eгосударство. Общество. Личность |
|
| 300 | _aНа 4-й с. обл. 1-й авт.: Богданов В.В. д.т.н. и психол.н., проф., д.чл. четырех академий | ||
| 607 |
_aРоссия _jПопулярные издания _xИстория _91554184 _3RU\NLR\auth\66979780 |
||
| 686 | _aТ3(2)я9 | ||
| 700 | 1 |
_4070 _8rus _7ca _aБогданов _bВ. В. _cд-р техн. наук, писатель _gВалерий Владимирович _3RU\NLR\auth\7757442 _940374 |
|
| 701 | 1 |
_4070 _8rus _7ca _aЛарионов _bС. В. _cписатель _f1951- _gСергей Владимирович _3RU\NLR\auth\7757455 _940387 |
|
| 801 | 0 |
_aRU _bNLR _c20070907 _gRCR |
|
| 801 | 1 |
_aRU _bNLR _c20070907 |
|
| 830 | _aавт. по кн. | ||
| 942 | _cBOOK | ||
| 980 | _aNB | ||